Research on the demand for parking lots of shopping centres

Efektívne využívanie parkovísk nákupných centier počas dvadsiatich štyroch hodín. Použitie parkovísk nákupných centier na parkovanie osobných automobilov v noci. Rozvojové priority a implementácia daných odporúčaní. Výskum na parkoviskách 49 nákupných centier v meste Vilnius (Litva).

Enregistré dans:
Détails bibliographiques
Auteur principal: Palevičius, Vytautas
Format: Chapitre de livre
Langue:anglais
Sujets:
Tags: Ajouter un tag
Pas de tags, Soyez le premier à ajouter un tag!

MARC

LEADER 00000naa a2200000 4500
001 0223787
005 20220719115304.0
041 0 |a eng 
044 |a CZ 
245 1 0 |a Research on the demand for parking lots of shopping centres  |c Vytautas Palevičius ... [et. al.] 
520 |a Efektívne využívanie parkovísk nákupných centier počas dvadsiatich štyroch hodín. Použitie parkovísk nákupných centier na parkovanie osobných automobilov v noci. Rozvojové priority a implementácia daných odporúčaní. Výskum na parkoviskách 49 nákupných centier v meste Vilnius (Litva). 
610 2 0 |a marketing služieb 
610 2 0 |a marketing mestský 
610 2 0 |a centrá nákupné 
610 2 0 |a doprava 
610 2 0 |a automobily osobné 
610 2 0 |a miesta voľné 
610 2 0 |a efektívnosť 
100 1 |a Palevičius, Vytautas